A Training Needs Analysis For Customs Front-Line Officers : (Record no. 4449)

000 -LEADER
fixed length control field nam a22 a 4500
005 - DATE AND TIME OF LATEST TRANSACTION
control field 20170530101806.0
008 - FIXED-LENGTH DATA ELEMENTS--GENERAL INFORMATION
fixed length control field 170530b2004 my ||||| |||| 00| 0 eng d
040 ## - CATALOGING SOURCE
Original cataloging agency AKMAL
082 ## - DEWEY DECIMAL CLASSIFICATION NUMBER
Classification number 428.09595 MAN
090 ## - LOCALLY ASSIGNED LC-TYPE CALL NUMBER (OCLC); LOCAL CALL NUMBER (RLIN)
Classification number (OCLC) (R) ; Classification number, CALL (RLIN) (NR) 428.09595
Local cutter number (OCLC) ; Book number/undivided call number, CALL (RLIN) MAN
100 ## - MAIN ENTRY--PERSONAL NAME
Personal name Manvender Kaur A/P Sarjit Singh
9 (RLIN) 8625
245 ## - TITLE STATEMENT
Title A Training Needs Analysis For Customs Front-Line Officers :
Remainder of title A Case Study At Kompleks Sultan Abu Bakar, Tanjung Kupang /
Statement of responsibility, etc. Manvender Kaur A/P Sarjit Singh
260 ## - PUBLICATION, DISTRIBUTION, ETC.
Place of publication, distribution, etc. Malaysia
Date of publication, distribution, etc. 2004
300 ## - PHYSICAL DESCRIPTION
Extent 109 ms
Dimensions cm
942 ## - ADDED ENTRY ELEMENTS (KOHA)
Source of classification or shelving scheme
Koha item type Book
Holdings
Withdrawn status Lost status Source of classification or shelving scheme Damaged status Not for loan Collection code Home library Current library Shelving location Date acquired Inventory number Total Checkouts Full call number Barcode Date last seen Price effective from Koha item type
          NON-FICTION AKMAL Melaka AKMAL Melaka RUJUKAN 30.05.2017 001886   428.09595 MAN 201706965 30.05.2017 30.05.2017 Book
Pusat Sumber Maklumat Dato' Haji Sarmin Md Hussin, Akademi Kastam Diraja Malaysia, Melaka
Tel: 06-2331106 | Faks: 06-2313787